000 00637pam a2200229 a 4500
001 498745
005 20180201042123.0
008 850926s1986 maua b 101 0 eng
010 _a 85024848
020 _a0674300858 (alk. paper)
040 _aDLC
_cDLC
_dDLC
041 _aeng
043 _an-us---
080 _a362.5
082 0 0 _a362.5 DAN
_219
100 _a19
101 _aSHP
245 0 0 _aFighting poverty :
_cedited by Sheldon H. Danziger and Daniel H. Weinberg.
504 _aBibliography: p. [359]-387.
906 _a7
_bcbc
_corignew
_d1
_eocip
_f19
_gy-gencatlg
942 _2ddc
_cBK
999 _c41487
_d41487